000 00563nam a2200229Ia 4500
003 OSt
005 20220924141530.0
006 a|||||r|||| 00| 0
007 ta
008 220923b |||||||| |||| 00| 0 ben d
024 _a298527
037 _cTextual
040 _aARTS
_cARTS
_bben
041 _2ben
_aben
082 _aO168,1L97x, 157L6
100 _aAyyub
_9212253
245 0 _aGaliber gazal theke
260 _c1976
650 _aURDU LITERATURE
942 _hO168,1L97x, 157L6
_cTEXL
_2CC
999 _c447522
_d447522